• 首页
  • 本馆介绍
  • 公告通知
  • 最新文献
  • 馆藏检索
  • 电子资源
  • 读者导购
  • 参考咨询
  • 我的图书馆
  • 登录
  • 详细信息显示
  • 放入我的书架
  • 预约/预借图书
  • 作者相关作品
  • 分类相关作品
  • 丛书相关作品
  • 出版社相关作品

书目信息

  • 表格格式
  • 工作单格式
  • 卡片格式
题名:
福尔摩斯世家
    
 
作者: 巴尔扎克 原著
分册:  
出版信息: 杭州   浙江少年儿童出版社  1988.3
页数: 131页
开本: 19厘米
丛书名: 认识社会
单 册:
中图分类: I565.44
科图分类:
主题词: 长篇小说--法国--近代
电子资源:
ISBN: 7-5342-0160-8
000 00828nam2 2200265 450
001 0100307274
005 20020928000000.0
010    @a7-5342-0160-8@dCNY2.00
011    @a7-5342-0160-8
100    @a19921105d1988 am y0chiy0110 ea
101 1  @achi@cfre
102    @aCN@b330000
105    @af z 000ay
106    @ar
200 1  @a福尔摩斯世家@9Fu Er Mo;Ma Si Shi Jia;Jie @f(法)巴尔扎克原著@b专著
210    @a杭州@c浙江少年儿童出版社@d1988.3
215    @a131页@c图@d19厘米
225 2  @a认识社会@i文学名著精编丛书@e普及版
410  0 @12001 @a文学名著精编丛书@e普及版
500 10 @a高老头@9gao lao tou
606 0  @a长篇小说@y法国@z近代
690    @aI565.44@v三版
701  0 @c(法)@a巴尔扎克@c(Balzac, Honore de@f1799~1850)@9ba er zha ke@4原著
801  0 @aCN@bAiZhiMarc@c19921105
905    @aBZT@dI56@e8@f1@sI56/8
    
    福尔摩斯世家/(法)巴尔扎克原著.-杭州:浙江少年儿童出版社,1988.3
    131页:图;19厘米.-(认识社会.文学名著精编丛书:普及版)
    
    
    ISBN 7-5342-0160-8:CNY2.00
    
●
相关链接 在五车中查询图书 在当当中查询图书 在豆瓣中查询图书


正题名:福尔摩斯世家     索取号:I56/8         预约/预借

序号 登录号 条形码 馆藏地/架位号 状态 备注
1 2000100384   2000100384   旧书回溯/ [索取号:I56/8] 在馆    
山东省滨州职业学院图书馆 欢迎您!
大连网信软件有限公司© 版权所有